000 00199 a2200097 4500
001 9302
100 _aPallenberg, C
245 _aVatican from within.
260 _a
_bHarrap
_c
090 _c7471
_d7471
942 _aNUST-CAE
_cM
_c34124
999 _c244375
_d244375